000 004590000a22001810004500
003 MACL
005 20160110173506.0
008 160110b xxu||||| |||| 00| 0 eng d
040 _aMACL
_cMACL
041 _aEnglish
082 _a923.2/BOS
100 _aBose, Nirmal Kumar
_91383
245 _aGandhiji The Man and his mission
260 _bBhartiya Vidya Bhavan
_c1966
_aBombay
350 _a1
650 _aBiography
_931126
942 _cBK
_k923.2/BOS
_2ddc
999 _c36083
_d36083